| 000 | 01802nam a22002417a 4500 | ||
|---|---|---|---|
| 999 |
_c60470 _d60470 |
||
| 003 | Ge_BSU | ||
| 005 | 20230725122825.0 | ||
| 008 | 230725s2022ge xxu||||| |||| 00| 0 geo d | ||
| 020 | _a9789941088674 | ||
| 041 | _ageo | ||
| 080 | _a633/635(075.8) ბ-96 | ||
| 100 |
_aბუკია, ზურაბ, ავტორი. _919536 |
||
| 245 |
_aერთწლიანი და მრავალწლიანი კულტურები : (სელექცია, კულტივირება, აგროტექნოლოგია) : _b[სახელმძღვანელო] / _cზურაბ ბუკია, ნოდარ ბერიძე, შოთა ლამპარაძე ; რედაქტორი ზაურ ჩანქსელიანი. |
||
| 264 |
_aბათუმი, _c2022. |
||
| 300 |
_a400 გვ. ; _b20 სმ. |
||
| 504 | _aბიბლიოგრაფია: გვ. 384-396. | ||
| 653 | _aსასოფლო-სამეურნეო კულტურების სელექცია -- სახელმძღვანელოები. სასოფლო-სამეურნეო მცენარეების კულტივირება -- სახელმძღვანელოები. აგროტექნოლოგია -- სახელმძღვანელოები | ||
| 700 |
_aბერიძე, ნოდარ _919537 |
||
| 700 |
_aლამპარაძე, შოთა _91795 |
||
| 700 |
_aჩანქსელიანი, ზაურ _eრედაქტორი _919538 |
||
| 856 |
_uhttps://dspace.nplg.gov.ge/bitstream/1234/445140/1/Ertwliani_Da_Mravalwliani_Kulturebi.pdf _yელექტრონული ვერსია |
||
| 942 |
_2udc _cBK |
||